| 000 | 00669cab a2200205 4500 | ||
|---|---|---|---|
| 001 | WB2833-18 | ||
| 008 | 090401t1992 xxu||||| |||| 00| 0 eng d | ||
| 035 | _a(Sirsi) u46547 | ||
| 041 | _aeng | ||
| 245 | _aHambro Countrywide loses £4.64m | ||
| 260 | _c1992 | ||
| 350 | _a0 | ||
| 490 |
_aFinancial Times _v28 August 1992, 17 |
||
| 490 |
_aDaily Express _v28 August 1992, 56 |
||
| 520 | _aLoses at Hambro Countrywide have led to the sale of its shares in Hambro Legal Protection, its associated insurance firm. | ||
| 650 | _aHAMBRO GROUP INVESTMENTS | ||
| 690 | _aPROPERTY-RESIDENTIAL PROPERTY-RESIDENTIAL PROPERTY MARKET | ||
| 942 | _n0 | ||
| 948 | _c04/03/1997 | ||
| 999 |
_c29451 _d29451 |
||